Bioinformatics basics : (Record no. 23403)

000 -LEADER
fixed length control field 01549cam a22003854a 4500
001 - CONTROL NUMBER
control field 13990720
005 - DATE AND TIME OF LATEST TRANSACTION
control field 20240303094339.0
008 - FIXED-LENGTH DATA ELEMENTS--GENERAL INFORMATION
fixed length control field 050603s2005 flua b 001 0 eng
010 ## - LIBRARY OF CONGRESS CONTROL NUMBER
LC control number 2005049421
020 ## - INTERNATIONAL STANDARD BOOK NUMBER
International Standard Book Number 9780849312830 (hardcover : alk. paper)
020 ## - INTERNATIONAL STANDARD BOOK NUMBER
International Standard Book Number 0849312833 (hardcover : alk. paper)
035 ## - SYSTEM CONTROL NUMBER
System control number (DNLM)101249680
040 ## - CATALOGING SOURCE
Original cataloging agency DNLM/DLC
Transcribing agency DLC
Modifying agency DLC
042 ## - AUTHENTICATION CODE
Authentication code pcc
050 00 - LIBRARY OF CONGRESS CALL NUMBER
Classification number QH324.2
Item number .R37 2005
060 10 - NATIONAL LIBRARY OF MEDICINE CALL NUMBER
Classification number QU 26.5
Item number R224b 2005
082 00 - DEWEY DECIMAL CLASSIFICATION NUMBER
Classification number 572.80285
Author Mark BUE
245 00 - TITLE STATEMENT
Title Bioinformatics basics :
Remainder of title applications in biological science and medicine /
Statement of responsibility, etc. edited by Lukas K. Buehler, Hooman H. Rashidi.
250 ## - EDITION STATEMENT
Edition statement 2nd ed.
260 ## - PUBLICATION, DISTRIBUTION, ETC.
Place of publication, distribution, etc. Boca Raton :
Name of publisher, distributor, etc. Taylor & Francis,
Date of publication, distribution, etc. 2005.
300 ## - PHYSICAL DESCRIPTION
Extent 335 p. :
Other physical details ill. ;
Dimensions 25 cm.
504 ## - BIBLIOGRAPHY, ETC. NOTE
Bibliography, etc. note Includes bibliographical references and index.
650 #0 - SUBJECT ADDED ENTRY--TOPICAL TERM
Topical term or geographic name entry element Bioinformatics.
9 (RLIN) 13954
650 12 - SUBJECT ADDED ENTRY--TOPICAL TERM
Topical term or geographic name entry element Computational Biology.
9 (RLIN) 957
650 22 - SUBJECT ADDED ENTRY--TOPICAL TERM
Topical term or geographic name entry element Automatic Data Processing.
9 (RLIN) 121738
650 22 - SUBJECT ADDED ENTRY--TOPICAL TERM
Topical term or geographic name entry element Chromosome Mapping.
9 (RLIN) 121739
650 22 - SUBJECT ADDED ENTRY--TOPICAL TERM
Topical term or geographic name entry element Sequence Analysis, DNA.
9 (RLIN) 7469
700 1# - ADDED ENTRY--PERSONAL NAME
Personal name Buehler, Lukas K.
9 (RLIN) 121740
700 1# - ADDED ENTRY--PERSONAL NAME
Personal name Rashidi, Hooman H.
9 (RLIN) 121741
856 41 - ELECTRONIC LOCATION AND ACCESS
Materials specified Table of contents only
Uniform Resource Identifier <a href="http://www.loc.gov/catdir/toc/fy055/2005049421.html">http://www.loc.gov/catdir/toc/fy055/2005049421.html</a>
856 42 - ELECTRONIC LOCATION AND ACCESS
Materials specified Publisher description
Uniform Resource Identifier <a href="http://www.loc.gov/catdir/enhancements/fy0646/2005049421-d.html">http://www.loc.gov/catdir/enhancements/fy0646/2005049421-d.html</a>
906 ## - LOCAL DATA ELEMENT F, LDF (RLIN)
a 7
b cbc
c orignew
d 1
e ocip
f 20
g y-gencatlg
942 ## - ADDED ENTRY ELEMENTS (KOHA)
Source of classification or shelving scheme
Koha item type Book
Holdings
Withdrawn status Lost status Source of classification or shelving scheme Damaged status Not for loan Permanent Location Current Location Shelving location Date acquired Total Checkouts Full call number Barcode Date last seen Date last checked out Price effective from Koha item type
          Central Library (CL) Central Library (CL) General Stacks 04/17/2013 2 572.80285 BUE RCMS002187 06/15/2023 09/28/2017 04/17/2013 Book
          Central Library (CL) Central Library (CL) Chemistry 03/03/2024   572.80285 BUE SEECS008577 03/03/2024   03/03/2024 Book
© 2023 Central Library, National University of Sciences and Technology. All Rights Reserved.